[Event "FICS rated blitz game"]
[Site "FICS freechess.org"]
[Date "2018.01.11"]
[Round "?"]
[White "sampaths"]
[Black "Shunshun"]
[Result "0-1"]
[WhiteElo "1627"]
[BlackElo "1476"]
[PlyCount "92"]
[EventDate "2018.??.??"]
[EventType "blitz"]

1. e4 e5 2. Nf3 Nc6 3. c3 Nf6 4. d4 exd4 5. cxd4 d6 6. d5 Ne5 7. Nxe5 dxe5 8.
Bd3 Bb4+ 9. Nc3 O-O 10. O-O Bd7 11. Bg5 Be7 12. Qb3 b6 13. Ba6 c6 14. dxc6 Bxc6
15. Rad1 Qc7 16. Bxf6 Bxf6 17. Nd5 Bxd5 18. exd5 Qd6 19. Bb7 Rad8 20. Rc1 Qb8
21. Bc6 Rd6 22. Qb5 Rfd8 23. Qa6 e4 24. g3 Bxb2 25. Rce1 f5 26. Re2 Bd4 27. Qc4
Bc5 28. a4 Qc7 29. Kg2 Qe7 30. a5 g5 31. axb6 axb6 32. Ra2 f4 33. g4 f3+ 34.
Kh1 Qe5 35. Qc3 Qxc3 36. h4 gxh4 37. g5 Qe5 38. Ra7 Qf4 39. g6 hxg6 40. Rg1 Qf5
41. Kh2 g5 42. Rga1 Bxf2 43. Ra8 Bg3+ 44. Kh1 Qh3+ 45. Kg1 Qh2+ 46. Kf1 Qf2# {
White checkmated} 0-1

[Event "FICS rated blitz game"]
[Site "FICS freechess.org"]
[Date "2018.01.11"]
[Round "?"]
[White "BiH"]
[Black "VPolevikov"]
[Result "0-1"]
[WhiteElo "1643"]
[BlackElo "1653"]
[PlyCount "74"]
[EventDate "2018.??.??"]
[EventType "blitz"]

1. e4 e5 2. Nf3 Nc6 3. c3 g6 4. d4 exd4 5. cxd4 Bg7 6. e5 d5 7. a3 Nge7 8. h3
O-O 9. Nc3 h6 10. Be3 Nf5 11. Bd3 Be6 12. O-O Nh4 13. Nh2 Nf5 14. Ne2 Qh4 15.
Nf3 Qd8 16. Qd2 Kh7 17. Nf4 Nh4 18. Nxh4 Qxh4 19. g3 Qd8 20. Nxe6 fxe6 21. h4
h5 22. Qc2 Qe8 23. Be2 Rf5 24. g4 hxg4 25. Bxg4 Rf8 26. h5 Bh6 27. Qd2 Bxe3 28.
Qxe3 gxh5 29. Bh3 Rg8+ 30. Kh2 Qf7 31. f4 Raf8 32. f5 exf5 33. Bxf5+ Qxf5 34.
Rxf5 Rxf5 35. Rg1 Rgf8 36. Rg3 Rf2+ 37. Rg2 R2f4 0-1

[Event "FICS rated blitz game"]
[Site "FICS freechess.org"]
[Date "2018.01.11"]
[Round "?"]
[White "ToreTang"]
[Black "tuffnut"]
[Result "0-1"]
[WhiteElo "1135"]
[BlackElo "1096"]
[PlyCount "80"]
[EventDate "2018.??.??"]
[EventType "blitz"]

1. e4 e5 2. Nf3 Nc6 3. c3 Nf6 4. d4 exd4 5. cxd4 Bb4+ 6. Nc3 Bxc3+ 7. bxc3 d6
8. Bc4 O-O 9. Ng5 h6 10. Nxf7 Rxf7 11. Bxf7+ Kxf7 12. O-O Nxe4 13. Qf3+ Nf6 14.
Re1 Kg8 15. Qg3 Kh8 16. Qg6 Bd7 17. Bxh6 gxh6 18. Qxh6+ Nh7 19. Re3 Qg5 20.
Qxg5 Nxg5 21. Rae1 Nf7 22. h3 Rg8 23. g4 Ng5 24. h4 Nh7 25. g5 Nd8 26. Re7 Rg7
27. R7e4 Nc6 28. f4 Nf8 29. h5 Nh7 30. h6 Rg8 31. d5 Nb8 32. Re7 Nf8 33. Rf1
Ng6 34. Rf7 Nf8 35. f5 Nh7 36. g6 Ng5 37. Rxd7 Nxd7 38. f6 Rxg6 39. f7 Nxf7+
40. Kf2 Rf6+ 0-1

[Event "FICS rated standard game"]
[Site "FICS freechess.org"]
[Date "2018.01.11"]
[Round "?"]
[White "alfiles"]
[Black "fatsloppydriver"]
[Result "0-1"]
[WhiteElo "1618"]
[BlackElo "1790"]
[PlyCount "41"]
[EventDate "2018.??.??"]

1. e4 e5 2. Nf3 Nc6 3. c3 Nf6 4. Bd3 d5 5. exd5 Qxd5 6. Bf1 Bg4 7. d3 e4 8.
dxe4 Qxd1+ 9. Kxd1 Nxe4 10. Be3 O-O-O+ 11. Ke2 Ne5 12. Nbd2 Nxd2 13. Bxd2 Nxf3
14. gxf3 Bxf3+ 15. Kxf3 Rxd2 16. Rb1 Bc5 17. Be2 Re8 18. Rhe1 f5 19. h3 g5 20.
Bc4 Rxf2+ 21. Kg3 {White resigns} 0-1

[Event "FICS rated blitz game"]
[Site "FICS freechess.org"]
[Date "2018.01.11"]
[Round "?"]
[White "rankback"]
[Black "cooltimon"]
[Result "0-1"]
[WhiteElo "1231"]
[BlackElo "1852"]
[PlyCount "106"]
[EventDate "2018.??.??"]
[EventType "blitz"]

1. e4 e5 2. Nf3 Nc6 3. c3 Nf6 4. d3 Be7 5. Be2 O-O 6. O-O d5 7. exd5 Nxd5 8.
Nfd2 f5 9. Nc4 Bd6 10. Nxd6 cxd6 11. Bf3 Be6 12. c4 Nf6 13. Nc3 d5 14. cxd5
Nxd5 15. Nxd5 Bxd5 16. Bxd5+ Qxd5 17. Bg5 h6 18. Bc1 Rfd8 19. b3 Rd7 20. Bb2
Rad8 21. Qc2 Qxd3 22. Qc5 Rd5 23. Qa3 e4 24. h3 f4 25. Rad1 Qxd1 26. Rxd1 Rxd1+
27. Kh2 e3 28. fxe3 fxe3 29. b4 e2 30. Qb3+ R8d5 31. Bc3 Ne5 32. Qc2 e1=Q 33.
Bxe1 Rxe1 34. Qc8+ Kh7 35. Qf5+ g6 36. Qf6 Rd7 37. a4 Rf7 38. Qd6 Re2 39. Kg3
h5 40. Qd8 Ref2 41. Qh4 Kh6 42. Qd4 g5 43. Qd6+ Ng6 44. Qc5 h4+ 45. Kh2 R7f6
46. Qc1 Nf4 47. Qc3 Rxg2+ 48. Kh1 Rf8 49. Qe5 Kg6 50. Qd6+ Rf6 51. Qd1 Re6 52.
Qb1+ Kh6 53. Qc1 Rge2 {White resigns} 0-1

[Event "FICS rated blitz game"]
[Site "FICS freechess.org"]
[Date "2018.01.11"]
[Round "?"]
[White "Fullball"]
[Black "BLUECREW"]
[Result "0-1"]
[WhiteElo "1156"]
[BlackElo "1191"]
[PlyCount "80"]
[EventDate "2018.??.??"]
[EventType "blitz"]

1. e4 e5 2. Nf3 Nc6 3. c3 d6 4. h3 Be6 5. Bb5 Nge7 6. d4 exd4 7. Nxd4 Bd7 8.
Nxc6 Bxc6 9. Bxc6+ Nxc6 10. b4 Be7 11. Nd2 Bf6 12. Bb2 O-O 13. Rb1 Ne5 14. O-O
Re8 15. Nf3 Nc4 16. Re1 Nxb2 17. Rxb2 Bxc3 18. Rbe2 Bxe1 19. Rxe1 Re6 20. Qd5
c6 21. Qf5 Qe7 22. Ng5 g6 23. Qg4 Re8 24. Nxe6 Qxe6 25. Qxe6 Rxe6 26. f3 Kg7
27. Kf2 Kf6 28. g3 d5 29. exd5 Rxe1 30. Kxe1 cxd5 31. Kd2 Ke5 32. Kd3 f5 33. a4
h5 34. b5 g5 35. a5 f4 36. g4 hxg4 37. hxg4 Kd6 38. Kd4 Ke6 39. a6 bxa6 40.
bxa6 Kd6 0-1

[Event "FICS rated blitz game"]
[Site "FICS freechess.org"]
[Date "2018.01.11"]
[Round "?"]
[White "Fullball"]
[Black "mjmonday"]
[Result "0-1"]
[WhiteElo "1172"]
[BlackElo "1158"]
[PlyCount "66"]
[EventDate "2018.??.??"]
[EventType "blitz"]

1. e4 e5 2. Nf3 Nc6 3. c3 Nf6 4. d3 d6 5. h3 h6 6. Nbd2 Be7 7. b3 a6 8. Bb2 Bd7
9. Be2 O-O 10. O-O d5 11. Re1 dxe4 12. Nxe4 Bd6 13. Nxd6 cxd6 14. b4 Be6 15. a3
Qd7 16. Nh2 Rad8 17. Bf3 d5 18. Rb1 Bf5 19. Be2 e4 20. dxe4 Bxe4 21. Ra1 Qf5
22. Bf3 Bxf3 23. Nxf3 Ne4 24. a4 Ne5 25. Re3 Nc4 26. Nd4 Qg6 27. Re2 f5 28. Bc1
f4 29. f3 Ng3 30. Re6 Qf7 31. Kh2 Ne3 32. Bxe3 fxe3 33. Kxg3 Qf4# {White
checkmated} 0-1

[Event "FICS rated blitz game"]
[Site "FICS freechess.org"]
[Date "2018.01.11"]
[Round "?"]
[White "hoken"]
[Black "milonguero"]
[Result "1-0"]
[WhiteElo "1380"]
[BlackElo "1465"]
[PlyCount "81"]
[EventDate "2018.??.??"]
[EventType "blitz"]

1. e4 e5 2. Nf3 Nc6 3. c3 b6 4. d4 Bb7 5. d5 Nce7 6. Be2 d6 7. O-O Nf6 8. Nbd2
h6 9. h3 g5 10. Nh2 h5 11. g3 Qd7 12. Kg2 c6 13. c4 cxd5 14. cxd5 O-O-O 15. a4
a5 16. f3 g4 17. h4 gxf3+ 18. Rxf3 Bg7 19. Bb5 Qc7 20. Qe2 Kb8 21. Nc4 Rc8 22.
Bg5 Neg8 23. Rc1 Qd8 24. Qe3 Ka7 25. Rc3 Bh6 26. Qf2 Bxg5 27. hxg5 Nxe4 28. Qe3
Nxc3 29. bxc3 Ba6 30. Rxf7+ Rc7 31. g6 Rxf7 32. gxf7 Nf6 33. Bxa6 Kxa6 34. Nf3
Rf8 35. Nh4 Nxd5 36. Qd3 Qa8 37. Nxd6+ Ka7 38. Nb5+ Ka6 39. c4 Nb4+ 40. Qd5
Nxd5 41. cxd5 1-0

[Event "FICS rated standard game"]
[Site "FICS freechess.org"]
[Date "2018.01.11"]
[Round "?"]
[White "betterandbetter"]
[Black "TopHat"]
[Result "1-0"]
[WhiteElo "1676"]
[BlackElo "1668"]
[PlyCount "51"]
[EventDate "2018.??.??"]

1. e4 e5 2. Nf3 Nc6 3. c3 d5 4. exd5 Qxd5 5. Be2 e4 6. c4 Qd6 7. Ng5 Nf6 8. Nc3
a6 9. Ngxe4 Nxe4 10. Nxe4 Qg6 11. Bf3 Ne5 12. d3 Bb4+ 13. Kf1 Nxf3 14. gxf3 Qh5
15. Qa4+ c6 16. Qxb4 Bh3+ 17. Ke2 Rb8 18. Bf4 c5 19. Qa4+ b5 20. Nd6+ Kd8 21.
Qa5+ Kd7 22. Qxa6 Bg2 23. Qa7+ Ke6 24. Rhe1 Bxf3+ 25. Kd2+ Kf6 26. Qe7+ {
Black resigns} 1-0

[Event "FICS rated blitz game"]
[Site "FICS freechess.org"]
[Date "2018.01.11"]
[Round "?"]
[White "Fullball"]
[Black "SGESchnee"]
[Result "1-0"]
[WhiteElo "1149"]
[BlackElo "1194"]
[PlyCount "41"]
[EventDate "2018.??.??"]
[EventType "blitz"]

1. e4 e5 2. Nf3 Nc6 3. c3 Nf6 4. d3 d6 5. Bg5 Be7 6. Bxf6 Bxf6 7. d4 exd4 8.
Nxd4 O-O 9. Nxc6 bxc6 10. Bd3 Re8 11. O-O Be5 12. Qf3 Qg5 13. Nd2 Qxd2 14. Bc4
Be6 15. Rfd1 Qxb2 16. Bxe6 Rxe6 17. Qd3 Qxc3 18. Qa6 Qc5 19. Rdc1 Qb6 20. Qxb6
a6 21. Qxc6 {Black resigns} 1-0

[Event "FICS rated blitz game"]
[Site "FICS freechess.org"]
[Date "2018.01.11"]
[Round "?"]
[White "sasfro"]
[Black "aguisou"]
[Result "1-0"]
[WhiteElo "1234"]
[BlackElo "1151"]
[PlyCount "53"]
[EventDate "2018.??.??"]
[EventType "blitz"]

1. e4 e5 2. Nf3 Nc6 3. c3 Bc5 4. d4 exd4 5. cxd4 Bb4+ 6. Bd2 Qe7 7. a3 Bxd2+ 8.
Qxd2 Qxe4+ 9. Be2 Nf6 10. Nc3 Qe7 11. O-O O-O 12. Rfe1 Qd6 13. Nb5 Qd5 14. Nxc7
Ne4 15. Qc2 Qd6 16. Nxa8 b6 17. Bd3 Nf6 18. Ne5 Bb7 19. Nxb6 axb6 20. Rad1 Nxe5
21. dxe5 Qc5 22. Qxc5 bxc5 23. exf6 gxf6 24. Re7 Bc6 25. Be4 Bxe4 26. Rxe4 f5
27. Re5 {Black resigns} 1-0

[Event "FICS rated blitz game"]
[Site "FICS freechess.org"]
[Date "2018.01.11"]
[Round "?"]
[White "jezebelben"]
[Black "Libbe"]
[Result "0-1"]
[WhiteElo "1425"]
[BlackElo "1395"]
[PlyCount "36"]
[EventDate "2018.??.??"]
[EventType "blitz"]

1. e4 e5 2. Nf3 Nc6 3. c3 Bc5 4. d4 exd4 5. cxd4 Bb6 6. d5 Nce7 7. Be2 d6 8.
O-O Nf6 9. h3 Nxe4 10. Qa4+ Bd7 11. Qxe4 Bf5 12. Qa4+ Bd7 13. Qd1 O-O 14. Nh2
Ng6 15. Kh1 Qh4 16. Nd2 Bxf2 17. Ndf3 Qg3 18. Qd4 Bxd4 {White resigns} 0-1

[Event "FICS rated standard game"]
[Site "FICS freechess.org"]
[Date "2018.01.11"]
[Round "?"]
[White "alinsodolescu"]
[Black "AnderssenA"]
[Result "0-1"]
[WhiteElo "1715"]
[BlackElo "2427"]
[PlyCount "44"]
[EventDate "2018.??.??"]

1. e4 e5 2. Nf3 Nc6 3. c3 d5 4. exd5 Qxd5 5. Be2 e4 6. Nd4 Nxd4 7. cxd4 Qxd4 8.
O-O Be6 9. Nc3 O-O-O 10. b3 Nf6 11. Qc2 a6 12. h3 Bd6 13. Bb2 Qe5 14. f4 exf3
15. Bxf3 Qh2+ 16. Kf2 Bg3+ 17. Ke2 Bxh3 18. Rh1 Rhe8+ 19. Ne4 Nxe4 20. Bxe4
Bg4+ 21. Ke3 Qxg2 22. Rhb1 Qe2# {White checkmated} 0-1

[Event "FICS rated blitz game"]
[Site "FICS freechess.org"]
[Date "2018.01.11"]
[Round "?"]
[White "Tranxene"]
[Black "HSKHKU"]
[Result "1-0"]
[WhiteElo "1558"]
[BlackElo "1547"]
[PlyCount "67"]
[EventDate "2018.??.??"]
[EventType "blitz"]

1. e4 e5 2. Nf3 Nc6 3. c3 h6 4. d4 exd4 5. cxd4 d6 6. Bc4 Na5 7. Qa4+ Nc6 8.
O-O a6 9. Qb3 Qe7 10. Nc3 Na5 11. Qa4+ Nc6 12. Nd5 Qd7 13. e5 dxe5 14. Re1 Nxd4
15. Nxc7+ Kd8 16. Qxd7+ Bxd7 17. Nxa8 Bc5 18. Nxe5 Kc8 19. Bf4 g5 20. Bg3 f5
21. Nf7 Rh7 22. Nd6+ Kb8 23. Ne4+ Kxa8 24. Nxc5 Bc6 25. f4 g4 26. Rad1 Nc2 27.
Bxg8 Rg7 28. Bb3 Nxe1 29. Rxe1 a5 30. Bf2 a4 31. Bc4 Be4 32. Nxe4 fxe4 33. Rxe4
Rc7 34. Re8+ {Black resigns} 1-0

[Event "FICS rated blitz game"]
[Site "FICS freechess.org"]
[Date "2018.01.11"]
[Round "?"]
[White "ToreTang"]
[Black "BLUECREW"]
[Result "1-0"]
[WhiteElo "1142"]
[BlackElo "1225"]
[PlyCount "63"]
[EventDate "2018.??.??"]
[EventType "blitz"]

1. e4 e5 2. Nf3 Nc6 3. c3 h6 4. d4 exd4 5. cxd4 d6 6. Bc4 Nf6 7. O-O Be7 8. e5
dxe5 9. d5 Na5 10. Qa4+ c6 11. Bd2 Nxc4 12. Qxc4 Qxd5 13. Qe2 Bg4 14. Nc3 Qd7
15. Rad1 O-O-O 16. Bxh6 Qc7 17. Bxg7 Bxf3 18. Qxf3 e4 19. Qf5+ Nd7 20. Bxh8
Rxh8 21. g3 Kb8 22. Rxd7 Qc8 23. Qe5+ Ka8 24. Qxe7 a6 25. Nxe4 Re8 26. Qxf7
Rxe4 27. Rfd1 Ka7 28. Qf5 Rc4 29. b3 Rb4 30. Qc5+ Rb6 31. a4 a5 32. b4 1-0

[Event "FICS rated blitz game"]
[Site "FICS freechess.org"]
[Date "2018.01.11"]
[Round "?"]
[White "sampaths"]
[Black "Shunshun"]
[Result "1-0"]
[WhiteElo "1617"]
[BlackElo "1486"]
[PlyCount "51"]
[EventDate "2018.??.??"]
[EventType "blitz"]

1. e4 e5 2. Nf3 Nc6 3. c3 Nf6 4. Bd3 Bc5 5. O-O O-O 6. Bc2 d6 7. d4 exd4 8.
cxd4 Bb6 9. d5 Ne7 10. Qe2 Bg4 11. h3 Bh5 12. g4 Bg6 13. Nc3 Nd7 14. Nh4 Ne5
15. Nxg6 N7xg6 16. Kh2 Nh4 17. f4 Nef3+ 18. Rxf3 Nxf3+ 19. Qxf3 c6 20. Bd2 cxd5
21. Nxd5 Rc8 22. Qd3 g6 23. Bc3 f6 24. g5 fxg5 25. Bb3 gxf4 26. Ne7# {Black
checkmated} 1-0

[Event "FICS rated blitz game"]
[Site "FICS freechess.org"]
[Date "2018.01.11"]
[Round "?"]
[White "jezebelben"]
[Black "aguisou"]
[Result "1-0"]
[WhiteElo "1429"]
[BlackElo "1145"]
[PlyCount "77"]
[EventDate "2018.??.??"]
[EventType "blitz"]

1. e4 e5 2. Nf3 Nc6 3. c3 Bc5 4. d4 Bb6 5. d5 Nb8 6. Be2 d6 7. O-O h6 8. a4 a6
9. a5 Ba7 10. c4 c6 11. b4 cxd5 12. cxd5 Nf6 13. Nc3 Nbd7 14. b5 axb5 15. Nxb5
Bc5 16. Bd3 b6 17. Ba3 bxa5 18. Bxc5 Nxc5 19. h3 Ncxe4 20. Bxe4 Nxe4 21. Nh2
O-O 22. f4 f6 23. f5 Ba6 24. Na3 Bxf1 25. Qxf1 Ng3 26. Qf3 Nxf5 27. Qxf5 Qb6+
28. Kh1 Qd4 29. Nc2 Qxd5 30. Ne3 Qd4 31. Re1 Rac8 32. Neg4 Qd2 33. Rg1 Rf7 34.
Qxc8+ Kh7 35. Qf5+ g6 36. Nxf6+ Kg7 37. Qg4 Rxf6 38. Nf3 a4 39. Nxd2 {Black
resigns} 1-0

[Event "FICS rated blitz game"]
[Site "FICS freechess.org"]
[Date "2018.01.11"]
[Round "?"]
[White "RADACK"]
[Black "Jorka"]
[Result "1-0"]
[WhiteElo "1572"]
[BlackElo "1494"]
[PlyCount "91"]
[EventDate "2018.??.??"]
[EventType "blitz"]

1. e4 e5 2. Nf3 Nc6 3. c3 h6 4. d4 exd4 5. cxd4 d5 6. e5 Be6 7. Nc3 Bb4 8. a3
Bxc3+ 9. bxc3 Nge7 10. Bd3 Nf5 11. O-O a6 12. Qc2 g6 13. a4 Qd7 14. Ba3 a5 15.
Rab1 b6 16. Bb5 Nfe7 17. Bxe7 Kxe7 18. Nd2 Rhb8 19. f4 Kf8 20. f5 Bxf5 21. Rxf5
gxf5 22. Rf1 Qe6 23. Rxf5 Na7 24. Rf6 Qg4 25. Qh7 Qg7 26. Qf5 Nxb5 27. axb5 Re8
28. Qd7 Rad8 29. Qxc7 Rc8 30. Qxb6 Rxc3 31. Qxa5 Rc1+ 32. Nf1 Qg5 33. h4 Qxh4
34. Qa3+ Kg7 35. Qxc1 Qxd4+ 36. Kh1 Qh4+ 37. Nh2 Rxe5 38. Qf1 Qh5 39. b6 Re7
40. Qf2 Qd1+ 41. Nf1 d4 42. Rf3 Qc1 43. Qg3+ Kf8 44. Qb8+ Kg7 45. b7 Qg5 46.
Qg3 1-0

[Event "FICS unrated blitz game"]
[Site "FICS freechess.org"]
[Date "2018.01.11"]
[Round "?"]
[White "ukw"]
[Black "chessonmobile"]
[Result "1-0"]
[WhiteElo "1570"]
[BlackElo "1347"]
[PlyCount "59"]
[EventDate "2018.??.??"]
[EventType "blitz"]

1. e4 e5 2. Nf3 Nc6 3. c3 a6 4. d4 exd4 5. cxd4 Bb4+ 6. Nc3 Qe7 7. Bd3 d6 8.
O-O Bg4 9. Nd5 Qd7 10. h3 Bh5 11. a3 Ba5 12. b4 Bb6 13. Nxb6 cxb6 14. Bb2 O-O-O
15. Rc1 Kb8 16. Be2 f6 17. Ne5 fxe5 18. Bxh5 Nf6 19. d5 Ne7 20. Qd3 Nxh5 21.
Rc2 Nf4 22. Qg3 Nc8 23. Rfc1 Na7 24. Kh1 Qb5 25. Rc7 Ne2 26. Qxg7 Ng3+ 27. fxg3
Rc8 28. Rxb7+ Ka8 29. Rxa7+ Kb8 30. Qb7# {Black checkmated} 1-0

[Event "FICS rated blitz game"]
[Site "FICS freechess.org"]
[Date "2018.01.11"]
[Round "?"]
[White "gunilla"]
[Black "abogatyrev"]
[Result "0-1"]
[WhiteElo "1200"]
[BlackElo "1306"]
[PlyCount "100"]
[EventDate "2018.??.??"]
[EventType "blitz"]

1. e4 e5 2. Nf3 Nc6 3. c3 f6 4. d4 exd4 5. cxd4 Bb4+ 6. Nc3 Nge7 7. d5 Na5 8.
Be2 c5 9. O-O c4 10. Nb5 a6 11. Nbd4 b5 12. Nf5 Nxf5 13. exf5 O-O 14. d6 Nb7
15. Bf4 Qb6 16. a3 Bxd6 17. Bxd6 Nxd6 18. b3 Nxf5 19. bxc4 bxc4 20. Bxc4+ Kh8
21. Rb1 Qc5 22. Be2 d5 23. a4 Be6 24. Rc1 Qd6 25. Nd4 Nxd4 26. Qxd4 Bd7 27. Bf3
Bc6 28. a5 Rfd8 29. Rfe1 Bb5 30. h3 Bc4 31. g4 Qb4 32. Ra1 Qb3 33. Re3 Qb5 34.
Rae1 Qxa5 35. Kg2 Qb4 36. h4 a5 37. g5 Qd6 38. Re6 Qf8 39. gxf6 gxf6 40. Rxf6
Kg8 41. Rxf8+ Kxf8 42. Qf4+ Kg8 43. Qg5+ Kh8 44. Re7 Rg8 45. Qxg8+ Rxg8+ 46.
Kh2 a4 47. Ra7 Bb3 48. Bh5 Rf8 49. Kg3 Rg8+ 50. Kf4 Rf8+ 0-1

[Event "FICS unrated blitz game"]
[Site "FICS freechess.org"]
[Date "2018.01.11"]
[Round "?"]
[White "ukw"]
[Black "chessonmobile"]
[Result "0-1"]
[WhiteElo "1570"]
[BlackElo "1347"]
[PlyCount "88"]
[EventDate "2018.??.??"]
[EventType "blitz"]

1. e4 e5 2. Nf3 Nc6 3. c3 Bc5 4. b4 Bb6 5. b5 Nce7 6. Nxe5 d6 7. Nf3 h6 8. d4
Bg4 9. h3 Bh5 10. Bc4 Qd7 11. a4 Ba5 12. O-O O-O-O 13. Nbd2 Bxc3 14. Rb1 Bxd4
15. g4 Bb6 16. gxh5 g6 17. Kh2 gxh5 18. Bxf7 Nf6 19. Nc4 Nxe4 20. Nxb6+ axb6
21. Nd4 Kb8 22. Ba3 Nc8 23. Be6 Qg7 24. Bxc8 Rxc8 25. Qc2 Qe5+ 26. Kh1 Qxd4 27.
Rbd1 Qf6 28. Qxe4 Rhe8 29. Qc2 Qf3+ 30. Kh2 Qxa3 31. Rd3 Qb4 32. f4 h4 33. f5
Qe4 34. f6 Qe5+ 35. Kh1 Rf8 36. Qe2 Qc5 37. f7 d5 38. Re3 d4 39. Re8 Qd5+ 40.
Kh2 Qd6+ 41. Re5 d3 42. Qe3 d2 43. Qe2 Rxf7 44. Rxf7 d1=Q 0-1

[Event "FICS rated standard game"]
[Site "FICS freechess.org"]
[Date "2018.01.11"]
[Round "?"]
[White "louarn"]
[Black "CrisChessITA"]
[Result "1-0"]
[WhiteElo "1519"]
[BlackElo "1520"]
[PlyCount "108"]
[EventDate "2018.??.??"]

1. e4 e5 2. Nf3 Nc6 3. c3 a6 4. d4 exd4 5. cxd4 h6 6. Bc4 Bb4+ 7. Bd2 Bxd2+ 8.
Nbxd2 d6 9. O-O Bg4 10. Re1 Nge7 11. Qb3 O-O 12. d5 Na5 13. Qa4 Nxc4 14. Qxc4
b5 15. Qc2 Rc8 16. Nd4 c5 17. Ne2 Bxe2 18. Rxe2 Ng6 19. Re3 c4 20. Nf3 Re8 21.
h3 Nf4 22. Nh2 Qg5 23. Rg3 Qf6 24. Ng4 Qd4 25. Nxh6+ Kf8 26. Nf5 Qd3 27. Qxd3
cxd3 28. Nxd6 Rxe4 29. Nxc8 Ne2+ 30. Kh2 Nxg3 31. Kxg3 Rd4 32. Rd1 Rxd5 33. Nb6
Rd6 34. Nc8 Rd4 35. Kf3 Rc4 36. Rxd3 Rxc8 37. b3 g6 38. g4 Rc6 39. h4 f6 40.
Ke4 Rc2 41. Rd6 Rxa2 42. Rxf6+ Kg7 43. g5 a5 44. Rb6 b4 45. f4 Rh2 46. Rb7+ Kf8
47. Rh7 Rb2 48. Rh6 Kg7 49. f5 gxf5+ 50. Kxf5 Rxb3 51. Rg6+ Kh7 52. Ra6 a4 53.
Rxa4 Rh3 54. Kg4 Ra3 {Black resigns} 1-0

[Event "FICS rated blitz game"]
[Site "FICS freechess.org"]
[Date "2018.01.11"]
[Round "?"]
[White "Krechet"]
[Black "jopewiwi"]
[Result "0-1"]
[WhiteElo "1752"]
[BlackElo "1773"]
[PlyCount "78"]
[EventDate "2018.??.??"]
[EventType "blitz"]

1. c3 e5 2. Nf3 Nc6 3. e4 Be7 4. Bb5 d6 5. Bxc6+ bxc6 6. Qa4 Bd7 7. Qa6 Nh6 8.
d4 O-O 9. Bxh6 gxh6 10. dxe5 dxe5 11. Nxe5 f5 12. Nxc6 Bxc6 13. Qxc6 fxe4 14.
Qe6+ Kh8 15. O-O Bd6 16. Nd2 Qh4 17. g3 Qh5 18. Qxe4 Rae8 19. Qg2 Re2 20. Rad1
Bc5 21. Nf3 Rxb2 22. g4 Qf7 23. Rd3 Qxa2 24. Nd4 Bxd4 25. Rxd4 Rb1 26. Rdd1
Rxd1 27. Rxd1 Qe2 28. Rf1 h5 29. gxh5 Rg8 30. h6 Rxg2+ 31. Kxg2 Qg4+ 32. Kh1
Qh5 33. Re1 Qxh6 34. Re7 Qd6 35. Re8+ Kg7 36. Re3 h5 37. Kg2 h4 38. Kh3 Qf6 39.
Rd3 Qf5+ {White resigns} 0-1

[Event "FICS rated standard game"]
[Site "FICS freechess.org"]
[Date "2018.01.11"]
[Round "?"]
[White "bhekisipho"]
[Black "chessislive"]
[Result "1-0"]
[WhiteElo "1803"]
[BlackElo "1748"]
[PlyCount "43"]
[EventDate "2018.??.??"]

1. e4 e5 2. Nf3 Nc6 3. c3 Bc5 4. Bb5 Nf6 5. d3 d6 6. Nbd2 O-O 7. h3 Bd7 8. a3
a6 9. Bc4 h6 10. O-O Kh8 11. Re1 Nh7 12. Nf1 f5 13. exf5 Rxf5 14. d4 exd4 15.
Nxd4 Qf6 16. Nxf5 Qxf5 17. Ne3 Qf6 18. Rf1 Rf8 19. Kh1 Ng5 20. Nd5 Qd8 21. Bxg5
hxg5 22. Qh5+ {Black resigns} 1-0

[Event "FICS rated blitz game"]
[Site "FICS freechess.org"]
[Date "2018.01.11"]
[Round "?"]
[White "ashups"]
[Black "anzali"]
[Result "0-1"]
[WhiteElo "1228"]
[BlackElo "1319"]
[PlyCount "76"]
[EventDate "2018.??.??"]
[EventType "blitz"]

1. e4 e5 2. c3 Nc6 3. Nf3 Bc5 4. Bc4 d6 5. Bxf7+ Kxf7 6. d4 exd4 7. Qb3+ Kf8 8.
Ng5 Qf6 9. O-O dxc3 10. Nxc3 Nd4 11. Qd5 c6 12. Qc4 b5 13. Qd3 h6 14. e5 dxe5
15. Nce4 Qf5 16. Be3 hxg5 17. Bxd4 Bxd4 18. Qb3 Qxe4 19. Rad1 Qf4 20. Qb4+ c5
21. g3 cxb4 22. gxf4 gxf4 23. a3 bxa3 24. bxa3 Bh3 25. Rfe1 Nf6 26. Re2 Ng4 27.
Rxd4 exd4 28. f3 Ne3 29. Kf2 d3 30. Rxe3 fxe3+ 31. Kxe3 Rd8 32. Kd2 Bf5 33. f4
Rxh2+ 34. Kc3 d2 35. Kb4 a5+ 36. Kxb5 d1=Q 37. a4 Qb3+ 38. Kxa5 Ra8# {White
checkmated} 0-1

[Event "FICS rated blitz game"]
[Site "FICS freechess.org"]
[Date "2018.01.11"]
[Round "?"]
[White "RADACK"]
[Black "Jorka"]
[Result "1-0"]
[WhiteElo "1568"]
[BlackElo "1498"]
[PlyCount "73"]
[EventDate "2018.??.??"]
[EventType "blitz"]

1. e4 e5 2. Nf3 Nc6 3. c3 a6 4. d4 exd4 5. cxd4 d5 6. e5 Be6 7. Nc3 Qd7 8. Be3
O-O-O 9. a3 h6 10. Bd3 Be7 11. b4 f5 12. b5 Nb8 13. bxa6 Nxa6 14. Qb3 c6 15.
Rb1 Qc7 16. O-O Kd7 17. Rfc1 g5 18. Nb5 Qb8 19. Nd6 Bxd6 20. exd6 Qxd6 21. Bxa6
bxa6 22. Qb7+ Ke8 23. Qxa6 Ne7 24. Ne5 Rg8 25. Rb7 Kf8 26. Nxc6 Bc8 27. Nxe7
Bxb7 28. Qxb7 Qxe7 29. Rc7 Qe6 30. Bd2 Re8 31. Bb4+ Re7 32. h3 Kf7 33. Rxe7+
Qxe7 34. Qxe7+ Kg6 35. Qe6+ Kg7 36. Qe7+ Kg6 37. Qe6+ 1-0

[Event "FICS rated blitz game"]
[Site "FICS freechess.org"]
[Date "2018.01.11"]
[Round "?"]
[White "ramakali"]
[Black "cintakamu"]
[Result "0-1"]
[WhiteElo "1443"]
[BlackElo "1406"]
[PlyCount "54"]
[EventDate "2018.??.??"]
[EventType "blitz"]

1. e4 e5 2. c3 Nc6 3. Nf3 h6 4. Bc4 Bc5 5. b4 Bb6 6. a4 Nf6 7. b5 Bxf2+ 8. Kxf2
Nxe4+ 9. Kg1 Na5 10. Bd3 d5 11. Nxe5 O-O 12. Bxe4 dxe4 13. d4 c6 14. Be3 Qf6
15. Nd2 cxb5 16. Nxe4 Qf5 17. Ng3 Qe6 18. axb5 Nc4 19. Nxc4 Qxc4 20. Qc2 Bg4
21. h3 Be6 22. Rb1 Rac8 23. Bd2 f5 24. Kh2 f4 25. Ne4 f3 26. g3 Qe2+ 27. Kg1
Qg2# {White checkmated} 0-1

[Event "FICS rated blitz game"]
[Site "FICS freechess.org"]
[Date "2018.01.11"]
[Round "?"]
[White "herbsol"]
[Black "GuLex"]
[Result "1-0"]
[WhiteElo "1189"]
[BlackElo "972"]
[PlyCount "45"]
[EventDate "2018.??.??"]
[EventType "blitz"]

1. e4 e5 2. Nf3 Nc6 3. c3 g6 4. d4 exd4 5. Nxd4 Nge7 6. Be3 d5 7. Nxc6 Nxc6 8.
Bd4 Rg8 9. e5 Be6 10. Bb5 Qd7 11. Nd2 O-O-O 12. a3 a6 13. Ba4 Kb8 14. O-O g5
15. Rc1 Bg7 16. Nf3 h6 17. b4 Qe7 18. Bxc6 bxc6 19. Qd3 g4 20. Bc5 Qd7 21. Qxa6
gxf3 22. Qa7+ Kc8 23. Qa8# {Black checkmated} 1-0

[Event "FICS rated blitz game"]
[Site "FICS freechess.org"]
[Date "2018.01.10"]
[Round "?"]
[White "mdutch"]
[Black "docmax"]
[Result "0-1"]
[WhiteElo "1297"]
[BlackElo "1466"]
[PlyCount "84"]
[EventDate "2018.??.??"]
[EventType "blitz"]

1. e4 e5 2. Nf3 Nc6 3. c3 Nf6 4. d3 h6 5. Be2 Bc5 6. Be3 Bxe3 7. fxe3 d6 8. O-O
O-O 9. d4 Ng4 10. d5 Ne7 11. Nh4 Nxe3 12. Qd2 Nxf1 13. Kxf1 Nxd5 14. Nf5 Bxf5
15. exf5 Nf4 16. Bf3 c6 17. g4 Qh4 18. Na3 Rad8 19. Nc4 Qh3+ 20. Bg2 Qxg4 21.
Re1 Qxf5 22. Ne3 Qf6 23. Kg1 Nxg2 24. Nxg2 Qg5 25. Qf2 b6 26. Qf3 d5 27. Kh1 e4
28. Qf2 f5 29. Ne3 f4 30. Rg1 fxe3 31. Qe1 Qf4 32. Rg3 Qf1+ 33. Qxf1 Rxf1+ 34.
Kg2 Rf3 35. Rxf3 exf3+ 36. Kxf3 Re8 37. Ke2 Kf7 38. b4 a6 39. a4 Kf6 40. b5
cxb5 41. axb5 axb5 42. h3 Kg5 {White resigns} 0-1